UNDERSTANDING MEDICAL PHYSIOLOGY (Record no. 7974)
[ view plain ]
| 000 -LEADER | |
|---|---|
| fixed length control field | 00317nam a2200133Ia 4500 |
| 082 ## - DEWEY DECIMAL CLASSIFICATION NUMBER | |
| Classification number | 612 |
| Item number | U 11 B |
| 100 ## - MAIN ENTRY--PERSONAL NAME | |
| Personal name | BIJLANI, R.L. |
| 245 ## - TITLE STATEMENT | |
| Title | UNDERSTANDING MEDICAL PHYSIOLOGY |
| 250 ## - EDITION STATEMENT | |
| Edition statement | 4 TH |
| 260 ## - PUBLICATION, DISTRIBUTION, ETC. (IMPRINT) | |
| Name of publisher, distributor, etc | JAPYE PUB. INDIA |
| Year of Publication | 2011 |
| 300 ## - PAGE DESCRIPTION | |
| No. of Pages | 810 |
| 942 ## - ADDED ENTRY ELEMENTS (KOHA) | |
| Source of classification or shelving scheme | Dewey Decimal Classification |
| Koha item type | Books |
| Withdrawn status | Lost status | Source of classification or shelving scheme | Damaged status | Not for loan | Collection code | Home library | Current library | Date acquired | Vendor Name | Cost, normal purchase price | SGTU | Bill Number | Total Checkouts | Full call number | Accession No. (Barcode) | Date last seen | Bill Date | Koha item type | Date last borrowed |
|---|---|---|---|---|---|---|---|---|---|---|---|---|---|---|---|---|---|---|---|
| Dewey Decimal Classification | AYURVEDA | SGT FA-FP Library | SGT FA-FP Library | 14/09/2015 | ABC DELHI | 1195.00 | SGTU | 5650 | 612 U 11 B | FA2436 | 14/09/2015 | 31/03/2015 | Books | ||||||
| Dewey Decimal Classification | AYURVEDA | SGT FA-FP Library | SGT FA-FP Library | 14/09/2015 | ABC DELHI | 1195.00 | SGTU | 5651 | 612 U 11 B | FA2437 | 14/09/2015 | 31/03/2015 | Books | ||||||
| Dewey Decimal Classification | AYURVEDA | SGT FA-FP Library | SGT FA-FP Library | 14/09/2015 | ABC DELHI | 1195.00 | SGTU | 5652 | 612 U 11 B | FA2438 | 14/09/2015 | 31/03/2015 | Books | ||||||
| Dewey Decimal Classification | AYURVEDA | SGT FA-FP Library | SGT FA-FP Library | 14/09/2015 | ABC DELHI | 1195.00 | SGTU | 5653 | 612 U 11 B | FA2439 | 14/09/2015 | 31/03/2015 | Books | ||||||
| Dewey Decimal Classification | AYURVEDA | SGT FA-FP Library | SGT FA-FP Library | 14/09/2015 | ABC DELHI | 1195.00 | SGTU | 5654 | 1 | 612 U 11 B | FA2440 | 06/01/2016 | 31/03/2015 | Books | 06/01/2016 |